[Event "George Koltanowski Sunday Marathon"]
[Site "?"]
[Date "2007.11.04"]
[Round "3"]
[White "Landaw, Max"]
[Black "Lum, Michael"]
[Result "1-0"]
[WhiteElo "2121"]
[BlackElo "1788"]
[PlyCount "97"]
[EventDate "2007.10.28"]
[SourceDate "2007.10.22"]

1. d4 Nf6 2. c4 e6 3. Nf3 c5 4. d5 exd5 5. cxd5 d6 6. Nc3 g6 7. e4 Bg7 8. Bd3
O-O 9. O-O Re8 10. Re1 a6 11. a4 b6 12. h3 Bb7 13. Bf4 Qc7 14. Nd2 Nh5 15. Bh2
Be5 16. Bxe5 Rxe5 17. Nc4 Re8 18. a5 Nd7 19. axb6 Nxb6 20. Na5 Bc8 21. Qd2 Qe7
22. Nc6 Qh4 23. Bf1 Qf4 24. Qxf4 Nxf4 25. Nb5 Nfxd5 26. Nxd6 Re6 27. Nxc8 Rxc6
28. Nxb6 Nxb6 29. Rxa6 Rxa6 30. Bxa6 c4 31. Rd1 Re6 32. f3 Kg7 33. Rd4 Rc6 34.
e5 Rc5 35. f4 Rc6 36. Rd6 Rxd6 37. exd6 Kf8 38. Bb5 f6 39. Kf2 Kf7 40. d7 Ke7
41. g3 Nxd7 42. Bxc4 Nb6 43. b3 h6 44. Ke3 Kd6 45. Kd4 g5 46. Ke4 Nxc4 47. bxc4
Ke6 48. f5+ Kd6 49. Kd4 1-0

[Event "George Koltanowski Sunday Marathon"]
[Site "?"]
[Date "2007.10.21"]
[Round "1"]
[White "Landaw, Max"]
[Black "Shaughnessy, Elizabeth"]
[Result "1-0"]
[WhiteElo "2121"]
[BlackElo "1602"]
[PlyCount "101"]
[EventDate "2007.10.28"]
[SourceDate "2007.10.22"]

1. d4 Nf6 2. c4 e6 3. Nf3 Be7 4. Nc3 O-O 5. e4 d6 6. Be2 Nc6 7. O-O d5 8. e5
Ne8 9. cxd5 exd5 10. Qb3 Be6 11. Qxb7 Na5 12. Qb5 c6 13. Qa4 Rb8 14. Qc2 f6 15.
Bd3 f5 16. Ne2 Nc4 17. Nf4 Qc8 18. b3 Na5 19. Bd2 Nb7 20. Rac1 c5 21. dxc5 Nxc5
22. b4 Nxd3 23. Qxd3 Qd7 24. Nd4 Rb6 25. Ndxe6 Rxe6 26. Nxe6 Qxe6 27. f4 g6 28.
Qb5 Ng7 29. Rc7 Bd8 30. Rd7 Bb6+ 31. Kh1 d4 32. a4 a6 33. Qd5 Qxd5 34. Rxd5 Ne8
35. Rc1 Rf7 36. Rc8 Re7 37. Rc6 Nc7 38. Rd8+ Kf7 39. Rxb6 Ne6 40. Rc8 Nc7 41.
Rb7 Ne6 42. Rxe7+ Kxe7 43. b5 axb5 44. axb5 Kd7 45. Rc1 Nd8 46. Ba5 d3 47. Bxd8
Kxd8 48. b6 d2 49. Rd1 Kc8 50. Rxd2 Kb7 51. e6 1-0

[Event "Berkeley CC De Firmian FNM; 30/90, SD/30"]
[Site "Berkeley"]
[Date "2012.04.20"]
[Round "4.10"]
[White "Landrum, Brett J"]
[Black "Bultman, Charles"]
[Result "1-0"]
[WhiteElo "1533"]
[BlackElo "1748"]
[PlyCount "47"]
[EventDate "2012.??.??"]

1. e4 c5 2. Nc3 Nc6 3. Nf3 e6 4. Bc4 d6 5. O-O Nf6 6. d3 Be7 7. h3 O-O 8. Ne2
d5 9. exd5 exd5 10. Bb3 Na5 11. Bf4 Nxb3 12. axb3 h6 13. c3 Bf5 14. Ng3 Bh7 15.
Re1 Bd6 16. Qd2 Bxf4 17. Qxf4 Bxd3 18. Qe3 c4 19. bxc4 Bxc4 20. Rxa7 Rxa7 21.
Qxa7 Qc7 22. Nf5 Ne4 23. Qd4 Ra8 24. Qxg7# 1-0

[Event "Berkeley CC Ch2011 FNM; 30/90, SD/30"]
[Site "Berkeley"]
[Date "2011.12.02"]
[Round "5.17"]
[White "Landrum, Brett"]
[Black "Chen, Peter"]
[Result "1-0"]
[WhiteElo "1574"]
[BlackElo "1612"]
[PlyCount "55"]
[EventDate "2011.??.??"]
[SourceDate "2007.10.22"]

1. e4 c5 2. Nc3 Nc6 3. Nf3 d6 4. Bc4 a6 5. a4 Nf6 6. d3 g6 7. Ne2 Bg4 8. Ng5 e6
9. h3 Bxe2 10. Qxe2 Bg7 11. c3 O-O 12. Bxe6 fxe6 13. Nxe6 Qe7 14. Nxf8 Rxf8 15.
Bg5 Qd7 16. O-O Nh5 17. g4 Ne5 18. f4 Ng3 19. Qc2 Nxf1 20. fxe5 Ng3 21. Qb3+
Kh8 22. e6 Qc8 23. e7 Ne2+ 24. Kh1 Re8 25. Qf7 Qd7 26. Bf6 Bxf6 27. Qf8+ Rxf8
28. exf8=Q# 1-0

[Event "Berkeley CC Santasiere FNM; 30/90, SD/3"]
[Site "Berkeley CA"]
[Date "2009.08.28"]
[Round "4.5"]
[White "Landrum, Brett John"]
[Black "Cole, Tony"]
[Result "1-0"]
[WhiteElo "1429"]
[BlackElo "1504"]
[PlyCount "109"]
[EventDate "2009.??.??"]
[SourceDate "2007.10.22"]

1. e4 e5 2. Nf3 Nc6 3. Bb5 Nge7 4. Nc3 a6 5. Ba4 d6 6. d3 Bd7 7. O-O h6 8. Nd2
Nd4 9. Ne2 Bxa4 10. Nxd4 exd4 11. Nf3 c5 12. Nd2 h5 13. Nc4 Bc6 14. Bf4 Nc8 15.
Qe2 g5 16. Bd2 Qe7 17. Qd1 Bg7 18. Qc1 f6 19. b3 h4 20. h3 Bd7 21. f4 g4 22.
hxg4 Bxg4 23. f5 h3 24. g3 h2+ 25. Kh1 d5 26. Rf4 dxc4 27. Rxg4 c3 28. Bf4 Nb6
29. Qd1 O-O-O 30. Bc1 Rde8 31. Ba3 Nd7 32. Rf4 Bh6 33. Rf2 Be3 34. Rg2 Qe5 35.
Qf3 a5 36. Bc1 Bg1 37. Bf4 Qe7 38. a4 Ne5 39. Qe2 Reg8 40. Bxe5 Qxe5 41. g4 Rh3
42. Rf1 Re3 43. Qd1 Rg3 44. Qe2 Re3 45. Qd1 Qe7 46. Rf3 Qh7 47. Rxe3 dxe3 48.
Qf3 Rh8 49. g5 fxg5 50. Rxg5 Qh4 51. Rg7 Qf2 52. Qg4 Kb8 53. f6 Rf8 54. e5 e2
55. Qe4 1-0

[Event "Blackburne Friday Night Marathon"]
[Site "Berkeley"]
[Date "2009.04.03"]
[Round "4.10"]
[White "Landrum, Brett John"]
[Black "Cole, Tony"]
[Result "0-1"]
[WhiteElo "1436"]
[BlackElo "1413"]
[PlyCount "66"]
[EventDate "2009.??.??"]
[SourceDate "2007.10.22"]

1. e4 e5 2. Nf3 Nc6 3. Bb5 Nd4 4. Nxd4 exd4 5. d3 c6 6. Bc4 d5 7. exd5 cxd5 8.
Bb3 Nf6 9. O-O Be6 10. Re1 Be7 11. Qf3 Qa5 12. Bd2 Qb6 13. Bc1 O-O-O 14. Qg3
Nh5 15. Qe5 Nf6 16. Nd2 Bd6 17. Qg5 h6 18. Qxg7 Nh5 19. Qxh8 Rxh8 20. Nf3 Nf4
21. Bxf4 Bxf4 22. g3 Rg8 23. h4 Qc7 24. Nxd4 Bxg3 25. Nxe6 fxe6 26. Rxe6 Qd7
27. Rae1 Be5+ 28. Kf1 Qxe6 29. d4 Qa6+ 30. c4 Bxd4 31. Ke2 Bxb2 32. Kd2 Bc3+
33. Kxc3 Qa5+ 0-1

[Event "Berkeley CC Colle FNM; 30/90, SD/30"]
[Site "Berkeley"]
[Date "2011.06.10"]
[Round "1.5"]
[White "Landrum, Brett"]
[Black "Curto, Wayne"]
[Result "0-1"]
[WhiteElo "1572"]
[BlackElo "1900"]
[PlyCount "108"]
[EventDate "2011.??.??"]
[SourceDate "2007.10.22"]

1. e4 c6 2. f3 d5 3. d3 e5 4. Nc3 Bc5 5. g3 Ne7 6. Bd2 Bxg1 7. Rxg1 Qb6 8. Rg2
Qxb2 9. Rb1 Qa3 10. Rb3 Qd6 11. Qb1 O-O 12. g4 b6 13. h4 Be6 14. Rb2 Nd7 15.
Rh2 Nc5 16. Qa1 Rad8 17. Rb1 dxe4 18. Nxe4 Nxe4 19. dxe4 f6 20. Rd1 Qd4 21.
Qxd4 Rxd4 22. Ra1 Rfd8 23. Bc3 R4d7 24. Rd2 Kf7 25. a3 Nc8 26. Rad1 Rxd2 27.
Rxd2 Rxd2 28. Kxd2 Nd6 29. Be2 Bc4 30. Bd3 Bxd3 31. cxd3 Nb5 32. Bb2 c5 33. a4
Nd4 34. Ke3 Ne6 35. Bc3 Ke7 36. Kd2 Kd6 37. Ke2 Nf4+ 38. Kd2 a6 39. h5 Ne6 40.
Ke3 Kc6 41. Bb2 b5 42. axb5+ axb5 43. Kd2 b4 44. Bc1 Kb5 45. Bb2 Ka4 46. Bc1
Kb3 47. Kd1 Kc3 48. Bd2+ Kxd3 49. Kc1 Nd4 50. Be1 Nxf3 51. Bf2 Nd4 52. Kb2 c4
53. Bg3 c3+ 54. Kc1 Ne2+ 0-1

[Event "Berkeley CC Ch2011 FNM; 30/90, SD/30"]
[Site "Berkeley"]
[Date "2011.11.04"]
[Round "1.11"]
[White "Landrum, Brett"]
[Black "Curto, Wayne"]
[Result "1-0"]
[WhiteElo "1574"]
[BlackElo "1900"]
[PlyCount "108"]
[EventDate "2011.??.??"]
[SourceDate "2007.10.22"]

1. e4 c6 2. Nf3 d5 3. exd5 cxd5 4. d4 Bf5 5. Nc3 e6 6. Bd3 Bg4 7. h3 Bh5 8. Qe2
Nc6 9. Qe3 Bxf3 10. gxf3 Be7 11. Bb5 Nh6 12. Qd3 Nf5 13. Be3 O-O 14. Bxc6 bxc6
15. Ne2 Rb8 16. b3 Qa5+ 17. c3 Rxb3 18. axb3 Qxa1+ 19. Bc1 c5 20. dxc5 Bxc5 21.
b4 Bb6 22. O-O Qa4 23. Be3 Bc7 24. Bc5 Bd6 25. Bxd6 Nxd6 26. Qd1 Qa2 27. Nc1
Qc4 28. Qd3 Rc8 29. Qxc4 Rxc4 30. Ne2 Nb5 31. Rc1 d4 32. cxd4 Rxc1+ 33. Nxc1
Nxd4 34. f4 Kf8 35. Kg2 Ke7 36. f3 Kd6 37. Nd3 Nc6 38. Kf2 Kd5 39. Ke3 Kc4 40.
h4 Nxb4 41. Ne5+ Kc3 42. Nxf7 a5 43. Ng5 a4 44. Ne4+ Kc2 45. Kd4 Nd5 46. f5
exf5 47. Kxd5 a3 48. Ng5 h6 49. Ne6 a2 50. Nxg7 a1=Q 51. Nxf5 Qa8+ 52. Ke5 Kd3
53. Nxh6 Qh8+ 54. Kf5 Qxh6 1-0

[Event "Berkeley CC Capablanca FNM; 30/90, SD/3"]
[Site "Berkeley"]
[Date "2011.10.07"]
[Round "4.13"]
[White "Landrum, Brett"]
[Black "Deng, David"]
[Result "1-0"]
[WhiteElo "1551"]
[BlackElo "1414"]
[PlyCount "145"]
[EventDate "2011.??.??"]
[SourceDate "2007.10.22"]

1. e4 c6 2. Nf3 d5 3. e5 Bg4 4. Be2 Nd7 5. d4 e6 6. c3 c5 7. Ng5 Bxe2 8. Qxe2
h6 9. Nf3 Qc7 10. O-O cxd4 11. cxd4 Ne7 12. Nc3 Nc6 13. a3 Be7 14. Bd2 Qb6 15.
Be3 a6 16. Rac1 Qd8 17. Nd2 Bg5 18. f4 Be7 19. Qg4 g6 20. Qh3 h5 21. g4 Nf8 22.
f5 Bg5 23. fxg6 Bxe3+ 24. Qxe3 Nxg6 25. g5 Qe7 26. Rf6 Rh7 27. Rcf1 Rc8 28. Nf3
Rc7 29. h4 Na5 30. Na4 Nc4 31. Qb3 Na5 32. Qd3 Rg7 33. Nc5 Nc4 34. Rf2 Kd8 35.
Kh2 Ke8 36. Kh3 Kd8 37. Nh2 Ke8 38. Nf1 Kd8 39. Ng3 Rh7 40. Qe2 Ke8 41. Nxh5
Nxb2 42. Qg4 Nc4 43. R6f3 Rh8 44. Nf6+ Kd8 45. h5 Ngxe5 46. Nxe6+ fxe6 47. dxe5
Nxe5 48. Qh4 Nxf3 49. Rxf3 Rc4 50. Ng4 Qh7 51. h6 Qe4 52. g6+ Kd7 53. Nf6+ Kc6
54. Nxe4 Rxe4 55. Rc3+ Kd6 56. Qg3+ e5 57. h7 d4 58. Rf3 Kd5 59. Qg5 Kd6 60.
Qf6+ Kd5 61. Qxh8 Re3 62. Rxe3 dxe3 63. Qd8+ Kc4 64. Qd1 e4 65. h8=Q e2 66.
Qxe2+ Kc5 67. Qc3+ Kd5 68. Qh5+ Ke6 69. Qce5+ Kd7 70. Qd5+ Ke7 71. Qhg5+ Kf8
72. Qf6+ Ke8 73. Qde6# 1-0

[Event "Berkeley CC Ch2011 FNM; 30/90, SD/30"]
[Site "Berkeley"]
[Date "2011.12.09"]
[Round "6.13"]
[White "Landrum, Brett"]
[Black "Deng, David"]
[Result "0-1"]
[WhiteElo "1574"]
[BlackElo "1422"]
[PlyCount "94"]
[EventDate "2011.??.??"]
[SourceDate "2007.10.22"]

1. e4 c5 2. Nc3 d6 3. Nf3 Nf6 4. Bc4 g6 5. d3 Bg7 6. h3 O-O 7. O-O Nbd7 8. a3
a6 9. Ne2 b5 10. Ba2 Bb7 11. Ng3 Qc7 12. Nh4 d5 13. exd5 Bxd5 14. Bxd5 Nxd5 15.
Ne4 Rad8 16. Rb1 e6 17. Bd2 Ne5 18. Qe1 Qe7 19. f4 Nc6 20. Qf2 Bd4 21. Be1
Bxf2+ 22. Bxf2 c4 23. Nf3 Qc7 24. dxc4 bxc4 25. g3 e5 26. fxe5 Nxe5 27. Nd4 Qd7
28. Kh2 f5 29. Nc5 Qf7 30. Nce6 Rd6 31. Nxf8 Qxf8 32. Ne2 Qe8 33. Nd4 Qf7 34.
Rfe1 Nc6 35. Nf3 f4 36. g4 h6 37. Re4 Ne3 38. Bxe3 fxe3 39. Rxe3 Qf4+ 40. Kg2
Qxe3 41. Re1 Qf4 42. c3 Rd3 43. Rf1 Ne5 44. Nxe5 Qg3+ 45. Kh1 Qxh3+ 46. Kg1
Rg3+ 47. Kf2 Rg2+ 0-1

[Event "Berkeley CS Rubinstein FNM; 30/90, SD/3"]
[Site "Berkeley"]
[Date "2011.08.19"]
[Round "4.5"]
[White "Landrum, Brett"]
[Black "Jenkins, Gerl L"]
[Result "1-0"]
[WhiteElo "1586"]
[BlackElo "1494"]
[PlyCount "79"]
[EventDate "2011.??.??"]
[SourceDate "2007.10.22"]

1. e4 e5 2. Nf3 Nc6 3. Bb5 Nge7 4. Nc3 a6 5. Ba4 b5 6. Bb3 h6 7. a3 Bb7 8. d3
Ng6 9. Nd5 Bc5 10. O-O Nd4 11. Ba2 f5 12. c3 Nxf3+ 13. Qxf3 Bxd5 14. Bxd5 c6
15. Bb3 f4 16. Qh5 Qg5 17. Qxg5 hxg5 18. Bd1 Ke7 19. b4 Bb6 20. Bb2 d5 21. exd5
cxd5 22. Bf3 Rad8 23. Rfe1 Kd6 24. Bg4 Rh4 25. h3 Re8 26. Re2 Re7 27. Rae1 f3
28. Bxf3 Nf4 29. Rd2 Nxh3+ 30. gxh3 Rxh3 31. Kg2 Rh8 32. Rde2 Rf8 33. Bg4 a5
34. Bc1 Ref7 35. f3 e4 36. dxe4 axb4 37. axb4 dxe4 38. Rxe4 Bd8 39. Be3 Bf6 40.
Bc5+ 1-0

[Event "BCC Josh Friedel Marathon"]
[Site "Berkeley"]
[Date "2008.08.08"]
[Round "5.6"]
[White "Landrum, Brett John"]
[Black "Jones, James"]
[Result "0-1"]
[WhiteElo "1509"]
[BlackElo "2022"]
[PlyCount "106"]
[EventDate "2008.??.??"]
[SourceDate "2007.10.22"]

1. e4 c5 2. Nc3 g6 3. Nf3 Bg7 4. Bc4 e6 5. d3 Ne7 6. Bd2 Nbc6 7. a3 d5 8. exd5
exd5 9. Ba2 O-O 10. O-O Bg4 11. h3 Bxf3 12. Qxf3 Nd4 13. Qd1 Qd6 14. Rb1 b5 15.
Be3 a6 16. Ne2 Nxe2+ 17. Qxe2 Rad8 18. Rfe1 Nc6 19. c3 Rfe8 20. Qf3 Ne5 21. Qd1
c4 22. d4 Nd3 23. Re2 Re4 24. Qd2 Rde8 25. g3 Qe6 26. Kg2 f5 27. Rh1 f4 28.
gxf4 Bh6 29. Bb1 Nxf4+ 30. Kf1 Nxe2 31. Bxh6 Ng3+ 32. Kg2 Nxh1 33. Bxe4 Qxe4+
34. Kg1 Qf3 35. Be3 Rxe3 36. Qxe3 Qxe3 37. fxe3 Ng3 38. Kg2 Ne4 39. Kf3 Ng5+
40. Kg4 Nxh3 41. Kxh3 Kg7 42. Kg4 Kf6 43. Kf4 h5 44. e4 g5+ 45. Kf3 g4+ 46. Kf4
dxe4 47. Kxe4 g3 48. Kf3 h4 49. Kg2 Kf5 50. Kh3 Kf4 51. Kg2 Ke4 52. Kh3 Kf3 53.
d5 g2 0-1

[Event "BCC David Pruess Marathon"]
[Site "?"]
[Date "2008.09.19"]
[Round "3.4"]
[White "Landrum, Brett"]
[Black "Krasnov, Steven"]
[Result "0-1"]
[WhiteElo "1502"]
[BlackElo "1933"]
[PlyCount "92"]
[EventDate "2008.??.??"]
[SourceDate "2007.10.22"]

1. e4 c5 2. d3 Nc6 3. Nc3 d6 4. Nf3 Nf6 5. Be2 g6 6. Bd2 Bg7 7. Qc1 h6 8. O-O
a6 9. Nd1 b5 10. a3 Qc7 11. Ne3 e6 12. h3 Bd7 13. Nh2 Nd4 14. Bf3 Rc8 15. Bc3
Bc6 16. Qe1 O-O 17. Ba5 Qb7 18. Bd1 Bd7 19. c3 Nc6 20. c4 Rfe8 21. Bd2 d5 22.
cxd5 exd5 23. Nhg4 Nxg4 24. Nxg4 Bxg4 25. Bxg4 f5 26. Bf3 Nd4 27. Qd1 dxe4 28.
dxe4 Rcd8 29. Be3 fxe4 30. Bxd4 exf3 31. Qb3+ c4 32. Qc2 Bxd4 33. Qxg6+ Qg7 34.
Qxg7+ Kxg7 35. Rab1 fxg2 36. Kxg2 Re2 37. Kf3 Rxb2 38. Rbd1 Rb3+ 39. Ke4 Bb6
40. Rg1+ Kf7 41. Rxd8 Bxd8 42. Rd1 Be7 43. f3 Rxa3 44. Rd5 b4 45. Rh5 Bg5 46.
f4 Kg6 0-1

[Event "Berkeley CC De Firmian FNM; 30/90, SD/30"]
[Site "Berkeley"]
[Date "2012.05.04"]
[Round "6.8"]
[White "Landrum, Brett J"]
[Black "Li Jr, William"]
[Result "0-1"]
[WhiteElo "1533"]
[BlackElo "1679"]
[PlyCount "92"]
[EventDate "2012.??.??"]

1. e4 c6 2. Nf3 d5 3. exd5 cxd5 4. d4 Nc6 5. Nc3 Bf5 6. Bb5 a6 7. Ba4 b5 8. Bb3
e6 9. O-O Nf6 10. Re1 Bd6 11. Nxd5 Nxd5 12. Bxd5 Bxh2+ 13. Kxh2 Qxd5 14. Bf4
Nb4 15. Re2 Bg4 16. Re5 Qc6 17. c3 Nd5 18. Bg3 h5 19. Kg1 h4 20. Bh2 h3 21. Rg5
Nf6 22. Qd3 Bf5 23. Qe2 Bg4 24. Be5 hxg2 25. Kxg2 Bh3+ 26. Kg1 Bg4 27. Kg2 Bh3+
28. Kg1 Ne4 29. Rxg7 f6 30. Bg3 Ng5 31. Rxg5 fxg5 32. Rd1 g4 33. Ne1 Bf1 34. d5
Bxe2 35. dxc6 Bxd1 36. Ng2 Bf3 37. c7 Bxg2 38. Kxg2 Kd7 39. Kf1 Rac8 40. Ke2
Rxc7 41. Bxc7 Kxc7 42. Ke3 Kd6 43. Kf4 Rh2 44. Kg3 Rh1 45. Kxg4 Rb1 46. b3 Rc1
0-1

[Event "BCC David Pruess Marathon"]
[Site "?"]
[Date "2008.09.05"]
[Round "1.8"]
[White "Landrum, Brett"]
[Black "MacIntyre, Brendan"]
[Result "0-1"]
[WhiteElo "1502"]
[BlackElo "1607"]
[PlyCount "98"]
[EventDate "2008.??.??"]
[SourceDate "2007.10.22"]

1. e4 c5 2. Nc3 Nc6 3. Nf3 g6 4. Bc4 Bg7 5. d3 Nf6 6. a3 O-O 7. O-O a6 8. Be3
b6 9. Qc1 Ng4 10. h3 Nxe3 11. Qxe3 e6 12. Nd1 d5 13. exd5 exd5 14. Bb3 Re8 15.
Qd2 Bb7 16. c3 Qd7 17. Ne3 Ne5 18. Nxe5 Bxe5 19. Ng4 Bg7 20. Rae1 d4 21. c4 h5
22. Nh2 Qc6 23. f4 Bh6 24. Bd1 Rxe1 25. Rxe1 Bxf4 26. Qc2 Re8 27. Rf1 Qd6 28.
Nf3 Be3+ 29. Kh1 Qg3 30. Qe2 Re6 31. Qe1 Qd6 32. Qh4 Rf6 33. Nh2 Rxf1+ 34. Nxf1
Bc1 35. Qf2 Kg7 36. a4 Bc8 37. Bf3 Qf4 38. Qg3 Qxg3 39. Nxg3 Bxb2 40. Bc6 f5
41. Ne2 g5 42. Kh2 Bc3 43. Kg3 Bd2 44. h4 Be1+ 45. Kf3 g4+ 46. Kf4 Kf6 47. Be8
Bxh4 48. Bxh5 Bd7 49. Nc1 Bg5+ 0-1

[Event "Berkeley CC FNM; 30/90, SD/30"]
[Site "Berkeley"]
[Date "2009.05.08"]
[Round "2.10"]
[White "Landrum, Brett"]
[Black "Magganas, Alexander"]
[Result "1-0"]
[WhiteElo "1407"]
[BlackElo "1312"]
[PlyCount "27"]
[EventDate "2009.??.??"]
[SourceDate "2007.10.22"]

1. e4 e6 2. e5 f6 3. d4 c5 4. c3 Nc6 5. Nf3 Qc7 6. Bf4 Qb6 7. Qd2 cxd4 8. cxd4
Bb4 9. Nc3 Na5 10. Bd3 g5 11. Bg3 g4 12. Nh4 Qxd4 13. Bg6+ hxg6 14. Qxd4 1-0

[Event "BCC Adolf Anderssen Friday Night Marath"]
[Site "Berkeley"]
[Date "2009.02.06"]
[Round "5"]
[White "Landrum, Brett John"]
[Black "Magganas, Alexander"]
[Result "1-0"]
[WhiteElo "1454"]
[BlackElo "1129"]
[PlyCount "78"]
[EventDate "2009.??.??"]
[SourceDate "2007.10.22"]

1. e4 c5 2. Nc3 e6 3. Nf3 Nc6 4. Bb5 Nge7 5. a3 a6 6. Ba4 d5 7. exd5 exd5 8.
Ne5 b5 9. Nxc6 Nxc6 10. Qe2+ Be7 11. Bb3 c4 12. Ba2 Nd4 13. Qd1 Bf5 14. Bb1 O-O
15. Ne2 Bg4 16. f3 Nxe2 17. Qxe2 Re8 18. Kd1 Bf6 19. Qf2 Bc8 20. c3 d4 21. Be4
dxc3 22. bxc3 Bxc3 23. Rb1 Rb8 24. Bb2 Bxb2 25. Rxb2 c3 26. Rc2 b4 27. axb4
Rxb4 28. Rxc3 Rexe4 29. fxe4 Bg4+ 30. Kc2 Qa5 31. Qc5 Qa4+ 32. Kd3 Qd7+ 33. Ke3
Rb5 34. Qc6 Qa7+ 35. d4 h6 36. Ra1 Qe7 37. Qc7 Qf6 38. Qf4 Qh4 39. h3 Re5 1-0

[Event "BCC Annual Championship"]
[Site "?"]
[Date "2008.11.07"]
[Round "3"]
[White "Landrum, Brett"]
[Black "Magganas, Aristotle"]
[Result "1-0"]
[WhiteElo "1480"]
[BlackElo "1018"]
[PlyCount "75"]
[EventDate "2008.??.??"]
[SourceDate "2007.10.22"]

1. e4 e5 2. Nf3 Nc6 3. Bb5 a6 4. Bxc6 dxc6 5. Nc3 Bc5 6. Nxe5 Bxf2+ 7. Kxf2
Qd4+ 8. Kf1 Qxe5 9. d3 Qf6+ 10. Qf3 Qxf3+ 11. gxf3 Nf6 12. Bf4 Bh3+ 13. Kf2
O-O-O 14. Be5 Rhg8 15. Bxf6 gxf6 16. Rag1 Rxg1 17. Rxg1 Be6 18. Rg7 Rh8 19. Ne2
Kd8 20. Nf4 Ke7 21. Nxe6 Kxe6 22. h4 c5 23. h5 h6 24. Ke3 f5 25. c3 Kf6 26. Rg2
b5 27. d4 cxd4+ 28. cxd4 fxe4 29. fxe4 Ke6 30. Kf4 Rd8 31. d5+ Kf6 32. Rc2 Rd7
33. Rc6+ Kg7 34. Rxa6 Rd6 35. Rxd6 cxd6 36. b3 b4 37. Kf5 f6 38. Ke6 1-0

[Event "Berkeley CC FNM; 30/90, SD/30"]
[Site "Berkeley"]
[Date "2009.05.22"]
[Round "4.9"]
[White "Landrum, Brett"]
[Black "Moore, John Robert"]
[Result "1-0"]
[WhiteElo "1407"]
[BlackElo "1130"]
[PlyCount "55"]
[EventDate "2009.??.??"]
[SourceDate "2007.10.22"]

1. e4 e5 2. Nf3 Nf6 3. Nxe5 d6 4. Nf3 Nxe4 5. Qe2 Qe7 6. d3 Nf6 7. Nc3 Bg4 8.
Qxe7+ Bxe7 9. Be2 O-O 10. Nb5 Bd8 11. Bg5 a6 12. Bxf6 Bxf6 13. Nxc7 Ra7 14. Nd5
Bxb2 15. Rb1 Ba3 16. Rb3 Bc1 17. O-O Bh6 18. Nd4 Bxe2 19. Nxe2 b5 20. Nd4 g6
21. Ra3 Bg7 22. Nxb5 Rd7 23. Nbc7 Rc8 24. Re1 Bf8 25. Nf6+ Kg7 26. Nxd7 Rxc7
27. Nxb8 Rxc2 28. Nxa6 1-0

[Event "Blackburne Friday Night Marathon"]
[Site "Berkeley"]
[Date "2009.04.17"]
[Round "6.8"]
[White "Landrum, Brett John"]
[Black "Motschenbacher, Von"]
[Result "1-0"]
[WhiteElo "1436"]
[BlackElo "1717"]
[PlyCount "91"]
[EventDate "2009.??.??"]
[SourceDate "2007.10.22"]

1. e4 e6 2. Nf3 d5 3. e5 c5 4. c3 Nc6 5. Bb5 Qb6 6. Bxc6+ bxc6 7. d4 Ba6 8.
Nbd2 cxd4 9. cxd4 c5 10. Qb3 c4 11. Qxb6 axb6 12. b3 b5 13. O-O Nh6 14. Nb1 Nf5
15. Bd2 Be7 16. b4 O-O 17. a3 Bb7 18. h3 Ra6 19. g4 Nh4 20. Nxh4 Bxh4 21. f4
Be7 22. f5 Rfa8 23. f6 Bf8 24. g5 g6 25. Bc3 Ra4 26. Nd2 Rxa3 27. Rxa3 Rxa3 28.
Rc1 h6 29. h4 hxg5 30. hxg5 Bc6 31. Kf1 Rxc3 32. Rxc3 Bxb4 33. Rc2 Bxd2 34.
Rxd2 b4 35. Ke1 b3 36. Kd1 Ba4 37. Kc1 Be8 38. Kb2 Kf8 39. Rd1 Bc6 40. Ra1 Ke8
41. Ra7 Kf8 42. Rc7 Bb5 43. Rc8+ Be8 44. Kc3 b2 45. Kxb2 c3+ 46. Kxc3 1-0

[Event "Berkeley CS Rubinstein FNM; 30/90, SD/3"]
[Site "Berkeley"]
[Date "2011.09.02"]
[Round "6.5"]
[White "Landrum, Brett"]
[Black "Parkin, John"]
[Result "1/2-1/2"]
[WhiteElo "1586"]
[BlackElo "1782"]
[PlyCount "144"]
[EventDate "2011.??.??"]
[SourceDate "2007.10.22"]

1. e4 d5 2. exd5 Qxd5 3. Nc3 Qd6 4. Nf3 Nf6 5. Bc4 c6 6. O-O Bg4 7. h3 Bh5 8.
Qe2 Nbd7 9. Qe3 Bxf3 10. Qxf3 Ne5 11. Qe2 Nxc4 12. Qxc4 e6 13. d3 Nd5 14. Ne4
Qb4 15. Qxb4 Nxb4 16. c3 Nxd3 17. Rd1 Rd8 18. Be3 b6 19. Rd2 Be7 20. Bd4 Nf4
21. Be5 Rxd2 22. Nxd2 Nd3 23. Bb8 f5 24. Bxa7 Bc5 25. Rf1 Nxb2 26. Rb1 Na4 27.
Rb3 b5 28. Bxc5 Nxc5 29. Ra3 O-O 30. Nb3 Nxb3 31. axb3 Kf7 32. Ra7+ Kf6 33. Rc7
b4 34. c4 Rd8 35. Rxc6 Rd3 36. Rb6 Rxb3 37. c5 Rc3 38. c6 b3 39. Kf1 b2 40. Ke2
Rxc6 41. Rxb2 h5 42. g3 Rc4 43. Kd3 Ra4 44. Kc3 h4 45. Kb3 Re4 46. Ka2 hxg3 47.
fxg3 Re3 48. Rg2 e5 49. Kb2 e4 50. Kc2 Rd3 51. h4 g5 52. h5 Kg7 53. g4 f4 54.
Rg1 Rg3 55. Re1 e3 56. Kd3 Rxg4 57. Ke4 Kh6 58. Kf5 Rh4 59. Rc1 Kxh5 60. Rc8
Kh6 61. Rc6+ Kg7 62. Rg6+ Kf7 63. Rf6+ Ke7 64. Re6+ Kd7 65. Re4 f3 66. Rxe3 g4
67. Kf4 f2 (67... Rh1 $8 68. Kxg4 f2) 68. Rd3+ Kc6 69. Rc3+ Kd5 70. Rd3+ Kc4
71. Rd1 Rh2 72. Kg3 Rh3+ 1/2-1/2

[Event "Shorman Sunday Night Marathon"]
[Site "?"]
[Date "2007.12.09"]
[Round "1"]
[White "Landrum, Brett"]
[Black "Petty, David"]
[Result "0-1"]
[WhiteElo "1408"]
[BlackElo "1881"]
[PlyCount "94"]
[EventDate "2007.12.09"]
[SourceDate "2007.10.22"]

1. e4 c5 2. Nc3 d6 3. Nf3 Nf6 4. Bc4 e6 5. d3 Be7 6. Bg5 O-O 7. O-O Nbd7 8. h3
Nb6 9. Bb3 Bd7 10. Nh2 Bc6 11. Qf3 d5 12. e5 Nfd7 13. Bxe7 Qxe7 14. Qg3 c4 15.
dxc4 dxc4 16. Bxc4 Nxc4 17. b3 Ncxe5 18. Rae1 Ng6 19. f4 Qc5+ 20. Kh1 Rac8 21.
h4 Qxc3 22. Qxc3 Bxg2+ 23. Kxg2 Rxc3 24. h5 Nh4+ 25. Kh1 Rxc2 26. Rd1 Nf6 27.
a4 Nxh5 28. Rd3 Rfc8 29. Rfd1 h6 30. Ng4 Rg2 31. Rg1 Rcc2 32. Rh3 Rxg1+ 33.
Kxg1 Rg2+ 34. Kf1 Rxg4 35. f5 exf5 36. Rc3 Rg2 37. Rc7 Ng3+ 38. Ke1 Nf3+ 39.
Kd1 Nf1 40. Rxb7 Ne3+ 41. Kc1 Ne5 42. Rb8+ Kh7 43. Rd8 h5 44. Rd4 f4 45. b4 h4
46. Kb1 g5 47. Re4 Nd3 0-1

[Event "Purdy FNM; 30/90, SD/30"]
[Site "Berkeley"]
[Date "2010.01.08"]
[Round "1.1"]
[White "Landrum, Brett John"]
[Black "Poehlmann, Roger M"]
[Result "0-1"]
[WhiteElo "1465"]
[BlackElo "2266"]
[PlyCount "86"]
[EventDate "2010.??.??"]
[SourceDate "2007.10.22"]

1. e4 e6 2. Nf3 c5 3. Nc3 Nc6 4. Bb5 Qc7 5. a3 Nge7 6. d3 Nd4 7. Nxd4 cxd4 8.
Ne2 Qa5+ 9. Bd2 Qxb5 10. Nxd4 Qb6 11. Nb3 Nc6 12. Be3 Qc7 13. O-O d6 14. Qd2
Be7 15. f4 f5 16. Qf2 O-O 17. Nd2 b6 18. c3 Ba6 19. c4 fxe4 20. dxe4 Ne5 21.
Qe2 Bxc4 22. Nxc4 Qxc4 23. Qxc4 Nxc4 24. Bd4 e5 25. fxe5 dxe5 26. Bc3 Bc5+ 27.
Kh1 Bd4 28. Bxd4 exd4 29. b3 Ne3 30. Rfe1 Nc2 31. e5 Nxa1 32. Rxa1 d3 33. Rd1
d2 34. h3 Rad8 35. Kg1 Rfe8 36. Kf2 Rxe5 37. g4 g5 38. b4 Rf8+ 39. Kg2 Re2+ 40.
Kg3 Rff2 41. a4 Rg2+ 42. Kf3 Rh2 43. a5 Re1 0-1

[Event "Berkeley CC Capablanca FNM; 30/90, SD/3"]
[Site "Berkeley"]
[Date "2011.10.21"]
[Round "6.13"]
[White "Landrum, Brett"]
[Black "Shan, Jonathan"]
[Result "1-0"]
[WhiteElo "1551"]
[BlackElo "1448"]
[PlyCount "129"]
[EventDate "2011.??.??"]
[SourceDate "2007.10.22"]

1. e4 e5 2. Nf3 Nc6 3. Bb5 a6 4. Bxc6 dxc6 5. Nc3 Nf6 6. d3 Bg4 7. h3 Bh5 8. g4
Bg6 9. Nxe5 Bc5 10. Qe2 Qd4 11. Bf4 Bb4 12. Qd2 O-O-O 13. Nxg6 hxg6 14. O-O-O
Qc5 15. Be3 Qa5 16. f3 Bxc3 17. Qxc3 Qxa2 18. b3 Qa3+ 19. Kd2 Qd6 20. e5 Qe6
21. exf6 gxf6 22. Bd4 Rd6 23. Rde1 Qd5 24. Re4 f5 25. Bxh8 fxe4 26. fxe4 Qxe4
27. Re1 Qg2+ 28. Kc1 Qxh3 29. Bf6 Qxg4 30. Re8+ Kd7 31. Qe5 c5 32. Qe7+ Kc6 33.
Be5 Rd7 34. Qf6+ Kb5 35. c4+ Kb4 36. Bc3+ Kxb3 37. Bd2 Rxd3 38. Qb2+ Kxc4 39.
Qc2+ Kb5 40. Qxd3+ Qc4+ 41. Qxc4+ Kxc4 42. Re7 b5 43. Rxc7 b4 44. Ra7 Kb5 45.
Rxf7 a5 46. Re7 a4 47. Re5 Kc4 48. Be3 a3 49. Rxc5+ Kb3 50. Kb1 a2+ 51. Ka1 Ka3
52. Ra5+ Kb3 53. Rxa2 Kc3 54. Bd2+ Kc4 55. Rb2 b3 56. Kb1 g5 57. Bxg5 Kb4 58.
Kc1 Ka4 59. Kd2 Kb4 60. Be7+ Kb5 61. Kc3 Ka4 62. Rxb3 Ka5 63. Kc4 Ka6 64. Kc5
Ka7 65. Kc6 1-0